[Event "Sligo Chess and Culture Festival Expert 2026"]
[Site "Enniscrone IRL"]
[Date "2026.01.30"]
[Round "1.6"]
[White "Melling, Jonathon"]
[Black "Putar, Slavko"]
[Result "1/2-1/2"]
[WhiteElo "1871"]
[BlackElo "1803"]
[WhiteICU "1893"]
[BlackICU "1843"]
[WhiteClub "Ennis"]
[BlackClub "St. Benildus"]
[WhiteNationality "IRL"]
[BlackNationality "IRL"]
[WhiteFideId "841790"]
[BlackFideId "14557517"]
[PlyCount "34"]
[FIDETournamentId "442757"]
[ChessResultsKey "1241833"]
[EventSection "2/5"]
[EventDate "2026.01.30"]

{ Event information: <a
href="https://www.irlchess.com/sligo-experts_allfiles/pairings_sligo-experts2026.html">Tournament
report</a>. }

1. d4 Nf6 2. Bf4 g6 3. Nf3 Bg7 4. c3 O-O 5. Nbd2 d5 6. e3 Nbd7 7. h4 h5 8.
Qc2 Ng4 9. Be2 e5 10. dxe5 Ndxe5 11. Nxe5 Nxe5 12. O-O-O Qe7 13. Bxe5 Qxe5
14. Nf3 Qe6 15. Ng5 Qe5 16. Nf3 Qe6 17. Ng5 Qe5 1/2-1/2

[Event "Sligo Chess and Culture Festival Expert 2026"]
[Site "Enniscrone IRL"]
[Date "2026.01.31"]
[Round "2.7"]
[White "Khanzharov, Edward"]
[Black "McAleenan, Charles"]
[Result "1/2-1/2"]
[WhiteElo "1817"]
[BlackElo "1859"]
[WhiteICU "1931"]
[WhiteClub "Bangor"]
[WhiteNationality "IRL"]
[BlackNationality "SCO"]
[WhiteFideId "2511975"]
[BlackFideId "2461617"]
[PlyCount "71"]
[FIDETournamentId "442757"]
[ChessResultsKey "1241833"]
[EventSection "2/5"]
[EventDate "2026.01.30"]

{ Event information: <a
href="https://www.irlchess.com/sligo-experts_allfiles/pairings_sligo-experts2026.html">Tournament
report</a>. }

1. e4 d6 2. d4 Nf6 3. Nc3 e5 4. dxe5 dxe5 5. Qxd8+ Kxd8 6. Bg5 Be6 7.
O-O-O+ Nd7 8. f4 exf4 9. Bxf4 Bc5 10. h3 Kc8 11. g4 Nb6 12. Bg2 Rd8 13.
Nge2 c6 14. b3 a5 15. a4 h6 16. Rhf1 Rd7 17. Bg3 Kd8 18. Bh4 Rxd1+ 19.
Rxd1+ Ke8 20. Kb1 g5 21. Bg3 Rd8 22. Rf1 Ke7 23. Be5 Nbd7 24. Bc7 Rc8 25.
Bh2 Bb4 26. Kb2 Ne8 27. Nd4 Bd6 28. Nf5+ Bxf5 29. Bxd6+ Nxd6 30. exf5 Nf6
31. Re1+ Kd7 32. Rd1 Re8 33. Rd3 Kc7 34. Rd2 Kd7 35. Ka3 Kc7 36. Kb2
1/2-1/2

[Event "Sligo Chess and Culture Festival Expert 2026"]
[Site "Enniscrone IRL"]
[Date "2026.01.31"]
[Round "2.8"]
[White "Kurochkin, Iaromir"]
[Black "Melling, Jonathon"]
[Result "0-1"]
[WhiteElo "1778"]
[BlackElo "1871"]
[BlackICU "1893"]
[BlackClub "Ennis"]
[WhiteNationality "IRL"]
[BlackNationality "IRL"]
[WhiteFideId "2516969"]
[BlackFideId "841790"]
[PlyCount "152"]
[FIDETournamentId "442757"]
[ChessResultsKey "1241833"]
[EventSection "2/5"]
[EventDate "2026.01.30"]

{ Event information: <a
href="https://www.irlchess.com/sligo-experts_allfiles/pairings_sligo-experts2026.html">Tournament
report</a>. }

1. e4 c6 2. d4 d5 3. e5 c5 4. c3 Nc6 5. Bb5 a6 6. Bxc6+ bxc6 7. h3 cxd4 8.
cxd4 Bf5 9. Nc3 e6 10. Nf3 h6 11. O-O Ne7 12. b3 Nc8 13. Na4 Be7 14. Bb2
Nb6 15. Nxb6 Qxb6 16. Qe2 c5 17. Rfc1 cxd4 18. Nxd4 Bg6 19. Rc6 Qa5 20. Qg4
h5 21. Qg3 Qd2 22. Qc3 Qxc3 23. Rxc3 O-O 24. Rc7 Bg5 25. Bc1 Bd8 26. Rc6
Be7 27. Rc7 Bd8 28. Rc6 Re8 29. Be3 Be7 30. Rac1 Ba3 31. R1c3 Bb1 32. Bc1
Bb4 33. Re3 Bxa2 34. Nc2 Be7 35. Ba3 Bxa3 36. Nxa3 Reb8 37. Nc2 Bxb3 38.
Nd4 Bc4 39. Rc7 Rc8 40. Rb7 Rab8 41. Ra7 Rb1+ 42. Kh2 Rcb8 43. Nc6 R1b7 44.
Rxb7 Rxb7 45. Na5 Rc7 46. Rc3 Kf8 47. Kg3 Ke7 48. f4 g6 49. Nxc4 Rxc4 50.
Ra3 Rc6 51. Kf3 Kd7 52. Ke3 Kc7 53. g4 hxg4 54. hxg4 Kb7 55. f5 gxf5 56.
gxf5 Rc4 57. fxe6 fxe6 58. Kd3 Re4 59. Rb3+ Ka7 60. Ra3 Rxe5 61. Kd4 Re4+
62. Kc5 Kb7 63. Rf3 Rc4+ 64. Kd6 Rc6+ 65. Kd7 Rb6 66. Rc3 a5 67. Rc5 Ka6
68. Kc7 a4 69. Rc2 Ka5 70. Rc5+ Rb5 71. Rc6 e5 72. Rg6 d4 73. Rg3 Rb3 74.
Rg5 Re3 75. Rg1 Kb4 76. Kb6 a3 0-1

[Event "Sligo Chess and Culture Festival Expert 2026"]
[Site "Enniscrone IRL"]
[Date "2026.01.31"]
[Round "2.9"]
[White "Putar, Slavko"]
[Black "McDonnell, Odhran"]
[Result "1/2-1/2"]
[WhiteElo "1803"]
[BlackElo "1852"]
[WhiteICU "1843"]
[BlackICU "1850"]
[WhiteClub "St. Benildus"]
[BlackClub "St. Benildus"]
[WhiteNationality "IRL"]
[BlackNationality "IRL"]
[WhiteFideId "14557517"]
[BlackFideId "2507463"]
[PlyCount "73"]
[FIDETournamentId "442757"]
[ChessResultsKey "1241833"]
[EventSection "2/5"]
[EventDate "2026.01.30"]
[BlackFullName "McDonnell, Odhr&aacute;n"]

{ Event information: <a
href="https://www.irlchess.com/sligo-experts_allfiles/pairings_sligo-experts2026.html">Tournament
report</a>. }

1. d4 Nf6 2. c4 e6 3. Nf3 b6 4. g3 Bb7 5. Bg2 Be7 6. O-O O-O 7. Nc3 Ne4 8.
Qc2 Nxc3 9. Qxc3 d6 10. b4 Nd7 11. Rd1 Bf6 12. Bb2 Qe7 13. Qb3 c5 14. a3
Rfd8 15. Rac1 d5 16. dxc5 Bxb2 17. Qxb2 bxc5 18. Ne5 Nxe5 19. Qxe5 dxc4 20.
Bxb7 Qxb7 21. Rxd8+ Rxd8 22. Qxc5 Rc8 23. Qd4 Qc7 24. Rc3 a6 25. a4 Qc6 26.
e4 h6 27. h4 Qxa4 28. Rxc4 Rxc4 29. Qxc4 a5 30. Qc8+ Kh7 31. bxa5 Qxa5 32.
Qb7 Qa1+ 33. Kg2 Qf6 34. f4 h5 35. Qb5 g6 36. Qg5 Qe5 37. Qxe5 1/2-1/2

[Event "Sligo Chess and Culture Festival Expert 2026"]
[Site "Enniscrone IRL"]
[Date "2026.01.31"]
[Round "2.11"]
[White "De Graaf, Arnoud"]
[Black "Thomas Boby, Aiden"]
[Result "1/2-1/2"]
[WhiteElo "1872"]
[BlackElo "1797"]
[BlackICU "1863"]
[WhiteNationality "NED"]
[BlackNationality "IRL"]
[WhiteFideId "1017918"]
[BlackFideId "2535688"]
[PlyCount "151"]
[FIDETournamentId "442757"]
[ChessResultsKey "1241833"]
[EventSection "2/5"]
[EventDate "2026.01.30"]

{ Event information: <a
href="https://www.irlchess.com/sligo-experts_allfiles/pairings_sligo-experts2026.html">Tournament
report</a>. }

1. Nf3 Nf6 2. c4 e6 3. d4 d5 4. g3 Bb4+ 5. Bd2 Be7 6. Bg2 O-O 7. Qc2 dxc4
8. Qxc4 a6 9. O-O b5 10. Qc2 Bb7 11. Bf4 Bd6 12. Bg5 Nbd7 13. Nbd2 h6 14.
Bxf6 Qxf6 15. e4 e5 16. Nb3 Rab8 17. Rac1 Rfe8 18. Rfd1 Qe7 19. Na5 c5 20.
Nxb7 Rxb7 21. d5 Rc7 22. Qd2 b4 23. Nh4 Nf6 24. Nf5 Qd8 25. Nxd6 Qxd6 26.
Qe2 Nd7 27. Bh3 Nf8 28. b3 Rd8 29. Rc2 Rb8 30. Rdc1 Ng6 31. Bf1 Rb5 32. Qg4
Rb8 33. Bc4 Re8 34. Qe2 Ra8 35. h4 Nf8 36. Qe3 Nd7 37. Bd3 Re8 38. Kh2 Rb8
39. Rg1 Kh7 40. g4 g6 41. f3 Re8 42. Kh1 Kg7 43. Qf2 Ra8 44. Qg2 Re8 45.
Rf2 g5 46. hxg5 hxg5 47. Qf1 Nf8 48. Bxa6 Ng6 49. Rgg2 Qf6 50. Bb5 Rh8+ 51.
Rh2 Nh4 52. Qd3 Rcc8 53. d6 Rh6 54. d7 Rch8 55. Kg1 Rd8 56. Kf1 Qe7 57. Rd2
Nxf3 58. Qxf3 Rf6 59. Rhf2 Rxf3 60. Rxf3 f6 61. Rh3 Qf7 62. Rdh2 Qg6 63.
Rh8 Qxe4 64. Rxd8 Qb1+ 65. Kf2 Qb2+ 66. Be2 Qd4+ 67. Kg2 Qd2 68. Kf2 Qf4+
69. Kg1 Qg3+ 70. Rg2 Qe1+ 71. Kh2 Qh4+ 72. Kg1 Qe1+ 73. Bf1 Qe3+ 74. Kh2
Qf4+ 75. Kh3 Qf3+ 76. Rg3 1/2-1/2

[Event "Sligo Chess and Culture Festival Expert 2026"]
[Site "Enniscrone IRL"]
[Date "2026.02.01"]
[Round "4.9"]
[White "Khanzharov, Edward"]
[Black "McGrady, Seth"]
[Result "1/2-1/2"]
[WhiteElo "1817"]
[BlackElo "1780"]
[WhiteICU "1931"]
[BlackICU "1851"]
[WhiteClub "Bangor"]
[BlackClub "Galway"]
[WhiteNationality "IRL"]
[BlackNationality "IRL"]
[WhiteFideId "2511975"]
[BlackFideId "2532956"]
[PlyCount "64"]
[FIDETournamentId "442757"]
[ChessResultsKey "1241833"]
[EventSection "2/5"]
[EventDate "2026.01.30"]

{ Event information: <a
href="https://www.irlchess.com/sligo-experts_allfiles/pairings_sligo-experts2026.html">Tournament
report</a>. }

1. e4 c6 2. d4 d5 3. e5 c5 4. dxc5 Nc6 5. f4 Nh6 6. Be3 Bg4 7. Nf3 Nf5 8.
Bf2 e6 9. c3 g5 10. h3 Bxf3 11. Qxf3 gxf4 12. Qxf4 Bh6 13. Qg4 Kf8 14. Qh5
Rg8 15. g4 Rg5 16. Bh4 Nxh4 17. Qxh6+ Ke8 18. Kd1 Rxe5 19. Bd3 Ng2 20. Qg7
Qh4 21. Qg8+ Ke7 22. Qxa8 Re1+ 23. Rxe1 Qxe1+ 24. Kc2 Na5 25. b4 Ne3+ 26.
Kb2 Nac4+ 27. Bxc4 Nxc4+ 28. Kc2 Qe2+ 29. Kc1 Qe1+ 30. Kc2 Qe2+ 31. Kc1
Qe1+ 32. Kc2 Qe2+ 1/2-1/2

[Event "Sligo Chess and Culture Festival Expert 2026"]
[Site "Enniscrone IRL"]
[Date "2026.02.01"]
[Round "5.7"]
[White "Alvarez Jimenez, Alfonso"]
[Black "Verlekar, Vivaan"]
[Result "1/2-1/2"]
[WhiteElo "1868"]
[BlackElo "1828"]
[BlackICU "1845"]
[BlackClub "Knights of Eanna"]
[WhiteNationality "ESP"]
[BlackNationality "IRL"]
[WhiteFideId "2297418"]
[BlackFideId "2516942"]
[PlyCount "139"]
[FIDETournamentId "442757"]
[ChessResultsKey "1241833"]
[EventSection "2/5"]
[EventDate "2026.01.30"]

{ Event information: <a
href="https://www.irlchess.com/sligo-experts_allfiles/pairings_sligo-experts2026.html">Tournament
report</a>. }

1. d4 Nf6 2. c4 e6 3. Nc3 Bb4 4. Nf3 b6 5. g3 Bb7 6. Bg2 O-O 7. O-O d6 8.
Na4 d5 9. c5 b5 10. a3 Ba5 11. b4 bxa4 12. Qxa4 Bb6 13. cxb6 cxb6 14. Ne5
Nbd7 15. Nc6 Qe8 16. b5 a6 17. Qb3 axb5 18. Nb4 Qe7 19. Bd2 Rfc8 20. Nd3
Bc6 21. Bb4 Qd8 22. f3 Nf8 23. e3 Ng6 24. Rac1 Ne8 25. h4 Nd6 26. h5 Ne7
27. g4 Nc4 28. Kf2 h6 29. f4 Be8 30. Ne5 Nc6 31. Nxc6 Bxc6 32. Kg3 Qf6 33.
Qd3 Rd8 34. Rf3 Rac8 35. Kh3 Re8 36. Be1 Qe7 37. Bb4 Qf6 38. Be1 Qe7 39.
Rc3 Ra8 40. Bh4 Qd7 41. Rg3 Kh8 42. Kh2 f5 43. gxf5 exf5 44. Bh3 Rf8 45.
Rg6 Rf7 46. Qc2 Bb7 47. Qg2 Rg8 48. Qg3 Qe8 49. Bg2 Qd7 50. Bf1 Bc6 51. Bd3
Qc7 52. a4 b4 53. Rb3 Bxa4 54. Rxb4 Bd1 55. Bxc4 dxc4 56. Rbxb6 Bb3 57.
Rxh6+ gxh6 58. Rxh6+ Rh7 59. Bf6+ Rg7 60. Qg6 Rxh6 61. Qxh6+ Kg8 62. d5 Rh7
63. Qg6+ Kf8 64. d6 Qf7 65. Be7+ Ke8 66. d7+ Kxd7 67. Qd6+ Kc8 68. Qc6+ Kb8
69. Qb6+ Ka8 70. Qa6+ 1/2-1/2

[Event "Sligo Chess and Culture Festival Expert 2026"]
[Site "Enniscrone IRL"]
[Date "2026.02.01"]
[Round "5.14"]
[White "Hackett, Len"]
[Black "Furstenburg, Brandon"]
[Result "1/2-1/2"]
[WhiteElo "1768"]
[BlackElo "1857"]
[WhiteICU "1863"]
[BlackICU "1775"]
[WhiteClub "Cork"]
[WhiteNationality "IRL"]
[BlackNationality "RSA"]
[WhiteFideId "2505460"]
[BlackFideId "14309904"]
[PlyCount "51"]
[FIDETournamentId "442757"]
[ChessResultsKey "1241833"]
[EventSection "2/5"]
[EventDate "2026.01.30"]

{ Event information: <a
href="https://www.irlchess.com/sligo-experts_allfiles/pairings_sligo-experts2026.html">Tournament
report</a>. }

1. e4 c5 2. Nf3 d6 3. d4 cxd4 4. Nxd4 Nf6 5. Nc3 g6 6. Be3 Bg7 7. f3 O-O 8.
Bc4 Nc6 9. Qd2 Bd7 10. O-O-O Rc8 11. Bb3 Ne5 12. h4 Nc4 13. Bxc4 Rxc4 14.
h5 Nxh5 15. g4 Nf6 16. Nce2 Re8 17. Ng3 Bxg4 18. Qe2 Rxd4 19. Bxd4 Be6 20.
Kb1 Qa5 21. b3 Rc8 22. Bb2 Qc5 23. Bd4 Qa5 24. Bb2 Qc5 25. Bd4 Bg4 26. e5
1/2-1/2